Timeline. (Record no. 480944)

000 -LEADER
fixed length control field 00490nam a22002057a 4500
003 - CONTROL NUMBER IDENTIFIER
control field NUST
005 - DATE AND TIME OF LATEST TRANSACTION
control field 20180828093247.0
008 - FIXED-LENGTH DATA ELEMENTS--GENERAL INFORMATION
fixed length control field 180828b ||||| |||| 00| 0 eng d
020 ## - INTERNATIONAL STANDARD BOOK NUMBER
International Standard Book Number 0375408738
022 ## - INTERNATIONAL STANDARD SERIAL NUMBER
International Standard Serial Number 0375408738
038 ## - RECORD CONTENT LICENSOR
Staff Name 0
050 ## - LIBRARY OF CONGRESS CALL NUMBER
Classification number 813.54
082 ## - DEWEY DECIMAL CLASSIFICATION NUMBER
Classification number 813.54
100 ## - MAIN ENTRY--PERSONAL NAME
Personal name Crichton,Michael.
9 (RLIN) 12315
245 ## - TITLE STATEMENT
Title Timeline.
Statement of responsibility, etc. Michael Crichton.
260 ## - PUBLICATION, DISTRIBUTION, ETC.
Place of publication, distribution, etc. New York.
Name of publisher, distributor, etc. Random House.
Date of publication, distribution, etc. 1999.
300 ## - PHYSICAL DESCRIPTION
Extent 755p.
500 ## - GENERAL NOTE
General note Hard Cover.
942 ## - ADDED ENTRY ELEMENTS (KOHA)
Source of classification or shelving scheme
Koha item type Book
Call number prefix 813.54
Holdings
Withdrawn status Lost status Source of classification or shelving scheme Damaged status Not for loan Collection code Permanent Location Current Location Shelving location Date acquired Total Checkouts Full call number Barcode Date last seen Price effective from Koha item type
            Central Library (CL) Central Library (CL) General Stacks 08/28/2018   813.54 CRI NBSD-3097 09/12/2025 08/28/2018 Book
© 2023 Central Library, National University of Sciences and Technology. All Rights Reserved.